Captain America: The Winter Soldier (2014): Characters by Picture - Statistics

General Stats
  • This quiz has been taken 81 times
  • The average score is 13 of 17
Answer Stats
Picture Answer % Correct
Captain America
100%
Falcon
99%
Winter Soldier
99%
Black Widow
97%
Nick Fury
96%
Wanda Maximoff
90%
Maria Hill
87%
Peggy Carter
86%
Agent 13
82%
Pietro Maximoff
79%
Stan Lee
79%
Alexander Pierce
65%
Brock Rumlow
65%
Arnim Zola
63%
Agent Sitwell
41%
Baron Strucker
31%
Georges Batroc
31%
No matching quizzes found
Score Distribution
Percent of People with Each Score
Percentile by Number Answered
Your Score History
You have not taken this quiz